Văn hoá dân gian Quý huyện Tống Sơn : Dự án công bố, phổ biến tài sản văn hoá, văn nghệ dân gian Việt Nam
Văn hoá dân gian Quý huyện Tống Sơn: giới thiệu khái quát về làng xã, văn hoá vật thể, các phong tục tập quán, văn học và nghệ thuật dân gian ít nhiều ảnh hưởng tới đời sống kinh tế, chính trị, văn hoá, xã hội của nhân dân Quý hương...
Shranjeno v:
| Glavni avtor: | |
|---|---|
| Format: | Knjiga |
| Jezik: | Undetermined |
| Izdano: |
Hà Nội
Văn hoá Thông tin
2011
|
| Teme: | |
| Oznake: |
Označite
Brez oznak, prvi označite!
|
| Thư viện lưu trữ: | Trung tâm Học liệu Trường Đại học Cần Thơ |
|---|
| LEADER | 01177nam a2200205Ia 4500 | ||
|---|---|---|---|
| 001 | CTU_170487 | ||
| 008 | 210402s9999 xx 000 0 und d | ||
| 082 | |a 398.20959741 | ||
| 082 | |b Ph450 | ||
| 100 | |a Hoàng, Tuấn Phổ | ||
| 245 | 0 | |a Văn hoá dân gian Quý huyện Tống Sơn : | |
| 245 | 0 | |b Dự án công bố, phổ biến tài sản văn hoá, văn nghệ dân gian Việt Nam | |
| 245 | 0 | |c Hoàng Tuấn Phổ | |
| 260 | |a Hà Nội | ||
| 260 | |b Văn hoá Thông tin | ||
| 260 | |c 2011 | ||
| 520 | |a Văn hoá dân gian Quý huyện Tống Sơn: giới thiệu khái quát về làng xã, văn hoá vật thể, các phong tục tập quán, văn học và nghệ thuật dân gian ít nhiều ảnh hưởng tới đời sống kinh tế, chính trị, văn hoá, xã hội của nhân dân Quý hương và Quý huyện. | ||
| 650 | |a Folk poetry, Vietnamese,Proverbs, Vietnamese,Folklore,Ca dao Việt Nam,Tục ngữ Việt Nam,Văn hóa dân gian | ||
| 904 | |i Phỉ, Nam | ||
| 980 | |a Trung tâm Học liệu Trường Đại học Cần Thơ | ||